000 01562nam0a22002891 4500
001 rc\3661768
005 20250610055726.0
021 _aRU
_b71-88221
021 _aRU
_bРг3692-72
035 _a(NLR Aleph) 007740334
090 _a7152005
_c7152005
100 _a20130115d1971 |||y0rusy50 ca
101 0 _arus
102 _aRU
105 _aa z |||||
200 1 _aКонструктивные и технологические вопросы при проектировании коммунальных тоннелей в городе Москве
_fИнж. Кузнецов П.Г., инж. Толмачев В.И.
_gВДНХ СССР. Техн. упр. Мосгорисполкома, Моск. правл. НТО: горного, стройиндустрии, коммун. хоз-ва и бытового обслуживания. Науч.-техн. конф. "Проектирование и стр-во коммун. тоннелей". Москва, ноябрь 1971 г.
210 _a[Москва]
_cБ. и.
_d1971
215 _a[1], 14 л., 7 л. черт.
_d21
700 1 _aКузнецов
_bП.Г.
_gПавел Гаврилович
701 1 _aТолмачев
_bВ.И.
712 1 2 _a"Проектирование и строительство коммунальных тоннелей", научно-техническая конференция
_eМосква
_f1971
_9672709
_3RU\NLR\AUTH\880506377
801 0 _aRU
_bNLR
_gpsbo
801 1 _aRU
_bELAR
_2rusmarc
852 _aNLR
_j72-4/4223
942 _cBOOK
980 _aNB